| 000 | 00635cam a2200217 4500 | ||
|---|---|---|---|
| 001 | 96 | ||
| 005 | 20181127160350.0 | ||
| 008 | 790806s1978 ii b 001 0 eng | ||
| 010 | _a 78907851 | ||
| 043 | _aa-ii--- | ||
| 100 | 1 |
_aBhende, Asha A., _d1928- |
|
| 245 | 1 | 0 |
_aPrinciples of population studies / _cAsha A. Bhende, Tara Kanitkar. |
| 250 | _a1st ed. | ||
| 260 |
_aBombay : _bHimalaya Pub. House, _c1978. |
||
| 300 |
_axv, 578 p. ; _c23 cm. |
||
| 504 | _aIncludes bibliographical references and index. | ||
| 650 | 0 | _aDemography. | |
| 650 | 0 | _aPopulation. | |
| 651 | 0 |
_aIndia _xPopulation. |
|
| 700 | 1 |
_aKanitkar, Tara, _ejoint author. |
|
| 999 |
_c81 _d81 |
||